| 000 | 00520nam a2200181 a 4500 | ||
|---|---|---|---|
| 005 | 20210223123000.0 | ||
| 008 | 991125s1973 mx 000 0 spa u | ||
| 035 | _aUPN01000045090 | ||
| 049 | _aF | ||
| 050 | 4 |
_aQA451 _bC3.6 |
|
| 100 | 1 |
_aCárdenas Trigos, Humberto, _d1925- _928657 |
|
| 245 | 1 | 3 |
_aEl plano euclidiano / _cHumberto Cárdenas Trigos. |
| 260 |
_aMéxico : _bANUIES, _c1973. |
||
| 300 | _a45 p. | ||
| 440 | 0 |
_aArea matemáticas. _pTemas básicos |
|
| 650 | 4 |
_aELEMENTOS DE EUCLIDES _920319 |
|
| 905 | _aLibro | ||
| 999 |
_c45090 _d45090 |
||